00546nam a2200157 450000500170000000800410001702000230005804100080008108200120008910000150010124501700011626000480028630000190033450400160035365000190036920260506162639.0260506b |||||||| |||| 00| 0 eng d a9780521731300qpbk aeng a341 MIL aMills,Alex aThe Confluence of Public and Private International Law:bJustice, Pluralism and Subsidiarity in the International Constitutional Ordering of Private Law,cAlex Mills aNew YorkbCambridge University Press c2009 a395p. :c20cm. aBib and Ref aLaw of nations